Οι οικονομικές επιπτώσεις από την ανάπτυξη του μαζικού τουρισμού στη περιοχή της Ρόδου : διπλωματική εργασία
Saved in:
| Main Author: | |
|---|---|
| Corporate Author: | |
| Other Authors: | |
| Format: | Thesis Book |
| Language: | Greek |
| Published: |
2005
|
| Subjects: | |
| Tags: |
Add Tag
No Tags, Be the first to tag this record!
|
MARC
| LEADER | 00000cam a2200000 i 4500 | ||
|---|---|---|---|
| 001 | 1/22237 | ||
| 008 | 060119s2005 gre d | ||
| 035 | |l 10082085 | ||
| 040 | |a GR-MY-UA |b gre |e aacr | ||
| 041 | 0 | |a gre | |
| 082 | 0 | |a 338.47910949587 |2 (22) | |
| 100 | 1 | |a Πάχος, Κωνσταντίνος. | |
| 245 | 1 | 3 | |a Οι οικονομικές επιπτώσεις από την ανάπτυξη του μαζικού τουρισμού στη περιοχή της Ρόδου : |b διπλωματική εργασία / |c Πάχος Κωνσταντίνος ; επιβλέπων Δημήτριος Λαγός |
| 260 | |c 2005 | ||
| 300 | |a 101 σ.; |b διαγρ., πίν.; |c 30 εκ. | ||
| 502 | # | # | |a Διατριβή (μεταπτυχιακή) – Πανεπιστήμιο Αιγαίου, Χίος, 2005. |
| 504 | |a Περιλαμβάνει βιβλιογραφικές αναφορές | ||
| 610 | 2 | 0 | |a Πανεπιστήμιο Αιγαίου. |
| 650 | 0 | 0 | |a Tourism |x Economic aspects |z Greece |z Rhodes (Island) |
| 650 | 0 | 0 | |a Tourism |x Environmental aspects |z Greece |z Rhodes (Island) |
| 650 | 0 | 0 | |a Dissertations, Academic |z Greece. |
| 700 | 1 | |4 ths |a Λαγός, Δημήτρης Γ. | |
| 710 | 2 | |a Πανεπιστήμιο Αιγαίου |b Σχολή Επιστημών της Διοίκησης |b Τμήμα Διοίκησης Επιχειρήσεων |b Πρόγραμμα Μεταπτυχιακών Σπουδών "Σχεδιασμός, Διοίκηση και Πολιτική του Τουρισμού". | |
| 852 | |a INST |b CHIOS |c DIATR |e 20060327 |h 338.47910949587 ΚΩΝ |p 005200024672 |q 005200024672 |t MTXE |y 23 | ||
| 852 | |a INST |b CHIOS |c DIATR |e 20060119 |h 338.47910949587 ΚΩΝ |p 005200024673 |q 005200024673 |t MTXE |y 23 | ||
| 901 | |a BIBL2-2006-1 | ||
| 909 | |a Χ |b 106679 | ||
| 909 | |a Χ |b 100896 | ||
| 924 | |a ΠΑΧΟΣ |b ΚΩΝΣΤΑΝΤΙΝΟΣ |y ΧΙΟΣ |z 2005-10 | ||
| 970 | |a ΒΑΣΙΛΑΚΗ |b ΝΙΚΗ |z 2006/01/19 | ||